000 00518nam a22001817a 4500
003 CEME
005 20210628203329.0
008 210126b xxu||||| |||| 00| 0 eng d
020 _a97881315-04109
040 _c.
082 _a628.44 VAS
100 _aVesilind, P.Aarne, Worrell , William.A, Reinhart, Debra
_964764
245 _aSolid waste engineering
260 _aAUSTRALIA
_bBROOKS/COLE
_c2002
300 _aXX,428P
650 _aREFUSE AND REFUSE DISPOSAL.SOLID WASTE ENGINEERING
_964765
942 _cBK
_2ddc
999 _c573167
_d573167